[Event "Koege Lang Jubilaeum Weekend"]
[Site "Koge"]
[Date "2022.07.06"]
[Round "1"]
[White "Hoi, Carsten"]
[Black "Birkisson, Bjorn Holm"]
[Result "1-0"]
[WhiteElo "2348"]
[BlackElo "2095"]
[PlyCount "41"]
[EventDate "2022.07.06"]
[EventType "tourn"]
[EventRounds "9"]
[EventCountry "DEN"]

1. d4 Nf6 2. c4 e6 3. Nc3 d5 4. Bg5 Be7 5. e3 O-O 6. Nf3 Nbd7 7. Rc1 b6 8. cxd5
exd5 9. Bd3 c5 10. O-O Bb7 11. Qe2 Ne4 12. Bf4 cxd4 13. exd4 Ndf6 14. Ne5 a6
15. Na4 Re8 16. f3 Nd6 17. g4 Nd7 18. Nxd7 Qxd7 19. Nxb6 Qd8 20. Nxa8 Qxa8 21.
Qc2 1-0

[Event "Koege Lang Jubilaeum Weekend"]
[Site "Koge"]
[Date "2022.07.06"]
[Round "1"]
[White "Meskenas, Paulius"]
[Black "Strange, Mikkel"]
[Result "1/2-1/2"]
[WhiteElo "2168"]
[BlackElo "2329"]
[PlyCount "135"]
[EventDate "2022.07.06"]
[EventType "tourn"]
[EventRounds "9"]
[EventCountry "DEN"]

1. e4 e5 2. Nf3 Nc6 3. d4 exd4 4. Nxd4 Bb4+ 5. c3 Bc5 6. Be3 Bb6 7. Nf5 Bxe3 8.
Nxe3 Nf6 9. f3 O-O 10. c4 d6 11. Nc3 Re8 12. Qd2 Ne5 13. Be2 Ng6 14. O-O-O Bd7
15. Rdg1 a6 16. g4 b5 17. Nf5 bxc4 18. Bxc4 Be6 19. Be2 d5 20. Rd1 dxe4 21. Qc2
Qb8 22. fxe4 Qb6 23. Rhe1 Ne5 24. h3 Rab8 25. Nd4 Nfd7 26. Nxe6 fxe6 27. Kb1
Rf8 28. Rf1 Qe3 29. Rxf8+ Rxf8 30. Qa4 Nc5 31. Qd4 Qxd4 32. Rxd4 a5 33. Nd1 Rf4
34. b4 axb4 35. Rxb4 Kf7 36. Nc3 Ke7 37. a4 Rf8 38. Kc2 Ra8 39. Kd2 Ra5 40. Ke3
Nc6 41. Rc4 Ne5 42. Rb4 Ncd7 43. Rb7 Kd8 44. Bd1 Rc5 45. Ne2 Nb6 46. Ra7 Kc8
47. Kd4 Ned7 48. a5 Nc4 49. Ra8+ Kb7 50. Rd8 e5+ 51. Kd3 Nb8 52. Bb3 Nxa5 53.
Bd5+ c6 54. Be6 Rb5 55. Rg8 Na6 56. Rxg7+ Kb6 57. Bg8 Nc5+ 58. Ke3 Rb4 59. Ng3
Nc4+ 60. Bxc4 Rxc4 61. Rxh7 Rc3+ 62. Kf2 Rc2+ 63. Ke1 Rg2 64. Nf1 Nd3+ 65. Kd1
Nb2+ 66. Ke1 Nd3+ 67. Kd1 Nb2+ 68. Ke1 1/2-1/2

[Event "Koege Lang Jubilaeum Weekend"]
[Site "Koge"]
[Date "2022.07.06"]
[Round "1"]
[White "Hari, Charan Sai Kalluri"]
[Black "Jacobsen, Mikkel Manosri"]
[Result "0-1"]
[WhiteElo "2041"]
[BlackElo "2309"]
[PlyCount "48"]
[EventDate "2022.07.06"]
[EventType "tourn"]
[EventRounds "9"]
[EventCountry "DEN"]

1. d4 Nf6 2. c4 e6 3. Nc3 d5 4. Nf3 c6 5. Bf4 dxc4 6. a4 Bb4 7. Qc1 O-O 8. e3
Nd5 9. Bxb8 Rxb8 10. e4 Nf6 11. Qf4 Qa5 12. Rc1 Bd7 13. Bxc4 Qxa4 14. O-O Qa5
15. e5 Nd5 16. Nxd5 exd5 17. Bd3 Qd8 18. Bxh7+ Kxh7 19. Ng5+ Kg8 20. Qh4 Bf5
21. g4 Bd2 22. f4 Be3+ 23. Kg2 f6 24. Nf3 Be4 0-1

[Event "Koege Lang Jubilaeum Weekend"]
[Site "Koge"]
[Date "2022.07.06"]
[Round "1"]
[White "Pedersen, Henrik Dahl"]
[Black "Thorsbro, Peter"]
[Result "0-1"]
[WhiteElo "2230"]
[BlackElo "2171"]
[PlyCount "118"]
[EventDate "2022.07.06"]
[EventType "tourn"]
[EventRounds "9"]
[EventCountry "DEN"]

1. d4 d5 2. c4 e6 3. Nf3 Nf6 4. Nc3 a6 5. Bg5 Be7 6. e3 O-O 7. Rc1 Nbd7 8. a3
h6 9. Bh4 Re8 10. Bd3 dxc4 11. Bxc4 c5 12. O-O b5 13. Ba2 Bb7 14. Qe2 Ne4 15.
Bxe7 Qxe7 16. Rfd1 Rac8 17. Bb1 Ndf6 18. Nxe4 Nxe4 19. h3 Rc7 20. Ne5 cxd4 21.
Rxc7 Qxc7 22. exd4 Nf6 23. Nd3 Qc6 24. f3 Qc4 25. Qe3 Nd5 26. Qf2 b4 27. Nc5
bxa3 28. Bd3 Qa2 29. Nxb7 Qb3 30. Qd2 Qxb7 31. bxa3 Rc8 32. Rb1 Qc6 33. Kh1 Qd6
34. a4 Nf4 35. Bf1 Rd8 36. a5 Nh5 37. Kg1 Ng3 38. Rb6 Qa3 39. Bxa6 Qa1+ 40. Kh2
Nf5 41. Rb2 Qa3 42. Qb4 Qe3 43. Qd2 Qa3 44. Qb4 Qe3 45. Bf1 Qf4+ 46. Kg1 Qe3+
47. Rf2 Rxd4 48. Qb8+ Kh7 49. Qb2 Rd1 50. Qe2 Qd4 51. a6 Ng3 52. Qc2+ g6 53.
Qc7 Rxf1+ 54. Kh2 Rxf2 55. Kxg3 Ra2 56. Qxf7+ Qg7 57. Qxe6 Qc7+ 58. Kh4 Ra4+
59. g4 Rxa6 0-1

[Event "Koege Lang Jubilaeum Weekend"]
[Site "Koge"]
[Date "2022.07.06"]
[Round "1"]
[White "Andersen, Soren Mikkel"]
[Black "Pedersen, Daniel Vesterbaek"]
[Result "0-1"]
[WhiteElo "2139"]
[BlackElo "2186"]
[PlyCount "114"]
[EventDate "2022.07.06"]
[EventType "tourn"]
[EventRounds "9"]
[EventCountry "DEN"]

1. d4 Nf6 2. c4 g6 3. Nc3 Bg7 4. e4 d6 5. Nf3 O-O 6. Be2 e5 7. d5 a5 8. Bg5 h6
9. Be3 Ng4 10. Bd2 f5 11. h3 Nf6 12. exf5 gxf5 13. Qc1 f4 14. g3 e4 15. Nh4 e3
16. fxe3 fxg3 17. Ng6 g2 18. Rg1 Bxh3 19. Qc2 Na6 20. O-O-O Nb4 21. Qb1 Nd7 22.
Nxf8 Qxf8 23. a3 Nc5 24. axb4 axb4 25. Ne4 Nxe4 26. Bxb4 Nf2 27. Rd4 Bf5 28.
Rf4 Bxb1 29. Rxf8+ Rxf8 30. Kxb1 Ng4 31. Rxg2 Nxe3 32. Rg3 Nf5 33. Rg1 Nd4 34.
Bh5 Rf5 35. Bg6 Rg5 36. Rxg5 hxg5 37. Bc3 Nf3 38. Bh5 Nh2 39. Kc2 Bxc3 40. Kxc3
g4 41. Kd4 Kg7 42. Ke3 Kh6 43. Be8 Kg5 44. Bd7 Nf3 45. Bc8 b6 46. b4 Ne5 47.
Ba6 g3 48. c5 bxc5 49. bxc5 dxc5 50. Bf1 Ng4+ 51. Kd3 Kf4 52. Bg2 Ne3 53. Bh1
g2 54. Bxg2 Nxg2 55. Kc4 Ke5 56. Kxc5 Nf4 57. Kc6 Nxd5 0-1

[Event "Koege Lang Jubilaeum Weekend"]
[Site "Koge"]
[Date "2022.07.06"]
[Round "2"]
[White "Hoi, Carsten"]
[Black "Meskenas, Paulius"]
[Result "1-0"]
[WhiteElo "2348"]
[BlackElo "2168"]
[PlyCount "51"]
[EventDate "2022.07.06"]
[EventType "tourn"]
[EventRounds "9"]
[EventCountry "DEN"]

1. d4 Nf6 2. Nf3 d5 3. c4 e6 4. Nc3 c6 5. cxd5 exd5 6. Bg5 Be7 7. Qc2 O-O 8. e3
Ne4 9. Bf4 Bf5 10. Bd3 Bb4 11. O-O Qe7 12. a3 Bxc3 13. bxc3 Bg6 14. Ne5 Nd6 15.
Nxg6 hxg6 16. f3 f5 17. e4 fxe4 18. Bxd6 Qxd6 19. fxe4 dxe4 20. Bc4+ Kh7 21.
Qxe4 Rf5 22. Rxf5 gxf5 23. Qxf5+ Qg6 24. Qf3 Qf6 25. Bd3+ Kg8 26. Qh3 1-0

[Event "Koege Lang Jubilaeum Weekend"]
[Site "Koge"]
[Date "2022.07.06"]
[Round "2"]
[White "Strange, Mikkel"]
[Black "Hari, Charan Sai Kalluri"]
[Result "1-0"]
[WhiteElo "2329"]
[BlackElo "2041"]
[PlyCount "61"]
[EventDate "2022.07.06"]
[EventType "tourn"]
[EventRounds "9"]
[EventCountry "DEN"]

1. e4 c5 2. c3 d5 3. exd5 Qxd5 4. d4 Nc6 5. Nf3 Bf5 6. Be3 cxd4 7. Nxd4 Rd8 8.
Nd2 Nf6 9. Nxf5 Qxf5 10. Qb3 Qc8 11. Bb5 a6 12. Bc4 e6 13. Bb6 Rd7 14. O-O-O
Bd6 15. Kb1 O-O 16. Nf3 Bc7 17. Rxd7 Nxd7 18. Bxc7 Qxc7 19. Be2 Rd8 20. g3 Nf6
21. Qc2 Ne5 22. Nd4 Nd5 23. Rd1 Nc4 24. a4 Qc5 25. Nb3 Qc6 26. Rd4 Nd6 27. Bf3
Nf5 28. Rxd5 exd5 29. Qxf5 Qe6 30. Qg5 f6 31. Qe3 1-0

[Event "Koege Lang Jubilaeum Weekend"]
[Site "Koge"]
[Date "2022.07.06"]
[Round "2"]
[White "Jacobsen, Mikkel Manosri"]
[Black "Pedersen, Henrik Dahl"]
[Result "1/2-1/2"]
[WhiteElo "2309"]
[BlackElo "2230"]
[PlyCount "120"]
[EventDate "2022.07.06"]
[EventType "tourn"]
[EventRounds "9"]
[EventCountry "DEN"]

1. d4 g6 2. c4 Bg7 3. Nf3 f5 4. Nc3 Nf6 5. Bg5 d6 6. e3 O-O 7. Be2 e6 8. O-O h6
9. Bxf6 Qxf6 10. b4 Nd7 11. Qb3 a5 12. Nb5 Qd8 13. a3 Nf6 14. Nd2 Kh7 15. Rac1
Qe7 16. c5 d5 17. bxa5 Rxa5 18. Qb4 Rxb5 19. Bxb5 c6 20. Bd3 e5 21. dxe5 Ng4
22. f4 Nxe3 23. Rf3 Nc4 24. Nxc4 dxc4 25. Bxc4 g5 26. g3 gxf4 27. gxf4 Qh4 28.
Qe1 Qh5 29. Rg3 Rd8 30. Kh1 Bf8 31. Qg1 Qe8 32. Rg8 Be6 33. Rxf8 Bxc4 34. Rxe8
Bd5+ 35. Qg2 Bxg2+ 36. Kxg2 Rxe8 37. Rd1 Ra8 38. Rd6 Ra4 39. Kg3 Rxa3+ 40. Kh4
Rf3 41. h3 Kg7 42. Rd7+ Kg6 43. Rxb7 Rxf4+ 44. Kg3 Rc4 45. Re7 f4+ 46. Kg4 h5+
47. Kh4 Rxc5 48. Re8 Rd5 49. e6 Kf6 50. e7 Kf7 51. Rc8 Kxe7 52. Rxc6 Rf5 53.
Rc5 Kf6 54. Ra5 Re5 55. Ra8 Rf5 56. Ra5 Kg6 57. Rb5 f3 58. Rb6+ Kf7 59. Rb1 Ke6
60. Kg3 h4+ 1/2-1/2

[Event "Koege Lang Jubilaeum Weekend"]
[Site "Koge"]
[Date "2022.07.06"]
[Round "2"]
[White "Thorsbro, Peter"]
[Black "Andersen, Soren Mikkel"]
[Result "1-0"]
[WhiteElo "2171"]
[BlackElo "2139"]
[PlyCount "61"]
[EventDate "2022.07.06"]
[EventType "tourn"]
[EventRounds "9"]
[EventCountry "DEN"]

1. d4 d5 2. Nf3 Nf6 3. g3 c6 4. Bg2 Bg4 5. O-O Nbd7 6. c4 e6 7. Nc3 Be7 8. Qc2
Bf5 9. Qb3 Qb6 10. Qxb6 axb6 11. cxd5 exd5 12. Nh4 Be6 13. f4 Nb8 14. Nf3 Ne4
15. Ne5 f6 16. f5 Bc8 17. Nxe4 fxe5 18. f6 dxe4 19. fxe7 exd4 20. Bxe4 Nd7 21.
Bg5 Ra5 22. h4 Re5 23. Bd3 Nf6 24. Rxf6 gxf6 25. Bxf6 Re3 26. Bxh8 Rxg3+ 27.
Kf2 Rg4 28. Rg1 Rf4+ 29. Ke1 Kxe7 30. Rg7+ Kf8 31. Rxh7 1-0

[Event "Koege Lang Jubilaeum Weekend"]
[Site "Koge"]
[Date "2022.07.06"]
[Round "2"]
[White "Birkisson, Bjorn Holm"]
[Black "Pedersen, Daniel Vesterbaek"]
[Result "1/2-1/2"]
[WhiteElo "2095"]
[BlackElo "2186"]
[PlyCount "70"]
[EventDate "2022.07.06"]
[EventType "tourn"]
[EventRounds "9"]
[EventCountry "DEN"]

1. e4 c5 2. Nc3 Nc6 3. Bb5 Nd4 4. Nf3 a6 5. Bd3 g6 6. O-O Bg7 7. Nxd4 cxd4 8.
Ne2 d5 9. exd5 Qxd5 10. c3 dxc3 11. dxc3 Nf6 12. Nf4 Qd8 13. Qe2 O-O 14. Rd1
Qc7 15. Bc4 Bf5 16. Nd5 Nxd5 17. Bxd5 Rad8 18. Be3 Bc8 19. a4 e6 20. Qc4 Be5
21. Qxc7 Bxc7 22. Bf3 Rxd1+ 23. Rxd1 Rd8 24. Rxd8+ Bxd8 25. Kf1 f5 26. b4 Bf6
27. c4 Kf7 28. Ke2 Ke7 29. Bc5+ Kd7 30. a5 Kc7 31. Bb6+ Kb8 32. Bc5 Kc7 33.
Bb6+ Kb8 34. Bc5 Kc7 35. Bb6+ Kb8 1/2-1/2

[Event "Koege Lang Jubilaeum Weekend"]
[Site "Koge"]
[Date "2022.07.07"]
[Round "3"]
[White "Hari, Charan Sai Kalluri"]
[Black "Hoi, Carsten"]
[Result "0-1"]
[WhiteElo "2041"]
[BlackElo "2348"]
[PlyCount "72"]
[EventDate "2022.07.06"]
[EventType "tourn"]
[EventRounds "9"]
[EventCountry "DEN"]

1. d4 Nf6 2. c4 d6 3. Nc3 e5 4. dxe5 dxe5 5. Qxd8+ Kxd8 6. Bg5 Nbd7 7. O-O-O c6
8. e3 Kc7 9. h3 Bb4 10. Nge2 Nb6 11. a3 Be7 12. f4 h6 13. Bh4 exf4 14. Nxf4 Bf5
15. g4 Bh7 16. Bg3 Kc8 17. Be2 Bc5 18. Bf2 Re8 19. Ng2 a5 20. Rhe1 Kb8 21. Bf1
a4 22. Bg3+ Ka7 23. Bd3 Ne4 24. Bc7 Nxc3 25. bxc3 Bxa3+ 26. Kc2 Bxd3+ 27. Kxd3
Bc5 28. Ra1 Re7 29. Bxb6+ Kxb6 30. Kc2 a3 31. e4 Rae8 32. Kd3 Rd8+ 33. Kc2 Red7
34. Re2 Rd3 35. Rh1 g5 36. e5 Rg3 0-1

[Event "Koege Lang Jubilaeum Weekend"]
[Site "Koge"]
[Date "2022.07.07"]
[Round "3"]
[White "Meskenas, Paulius"]
[Black "Birkisson, Bjorn Holm"]
[Result "1-0"]
[WhiteElo "2168"]
[BlackElo "2095"]
[PlyCount "79"]
[EventDate "2022.07.06"]
[EventType "tourn"]
[EventRounds "9"]
[EventCountry "DEN"]

1. e4 e5 2. Nf3 Nc6 3. d4 exd4 4. Nxd4 Bc5 5. Be3 Qf6 6. c3 Nge7 7. Bc4 Ne5 8.
Be2 Qg6 9. O-O d6 10. f4 Qxe4 11. Bf2 Bxd4 12. cxd4 N5g6 13. g3 O-O 14. Nc3 Qf5
15. d5 Qd7 16. Qb3 c6 17. Rad1 Qd8 18. Bf3 Nxd5 19. Nxd5 cxd5 20. Bxd5 Ne7 21.
Bc4 Nc6 22. Bd5 Ne7 23. Bf3 Be6 24. Qxb7 Rb8 25. Qxa7 Rxb2 26. a3 Nf5 27. Rfe1
Qf6 28. a4 Ra2 29. Bd5 Bxd5 30. Rxd5 g6 31. Rb5 Qc3 32. a5 Qf3 33. Rf1 Nh4 34.
gxh4 Qg4+ 35. Bg3 Qh3 36. Qb7 Re8 37. Rb2 Rxa5 38. Qc7 Ra3 39. Rg2 d5 40. f5
1-0

[Event "Koege Lang Jubilaeum Weekend"]
[Site "Koge"]
[Date "2022.07.07"]
[Round "3"]
[White "Pedersen, Henrik Dahl"]
[Black "Strange, Mikkel"]
[Result "1-0"]
[WhiteElo "2230"]
[BlackElo "2329"]
[PlyCount "91"]
[EventDate "2022.07.06"]
[EventType "tourn"]
[EventRounds "9"]
[EventCountry "DEN"]

1. e4 e5 2. Nf3 Nc6 3. Bc4 Nf6 4. d3 Be7 5. Nc3 d6 6. h3 a6 7. a4 O-O 8. O-O
Na5 9. Ba2 c5 10. Bg5 Nc6 11. Bxf6 Bxf6 12. Nd5 g6 13. c3 Be6 14. Ne1 Bg7 15.
Nc2 Rb8 16. f4 exf4 17. Nxf4 Bxa2 18. Rxa2 Qd7 19. Ne3 Rbe8 20. Nfd5 f5 21. b3
fxe4 22. Raf2 Rxf2 23. Rxf2 h5 24. dxe4 Kh7 25. Nf6+ Bxf6 26. Rxf6 Re6 27. Nd5
Kg7 28. Qf3 Ne5 29. Qf4 Nf7 30. c4 Re5 31. Qg3 Nh8 32. Rf1 Qe6 33. Qc3 Qe8 34.
b4 Nf7 35. bxc5 dxc5 36. Qb2 Nd6 37. Rf6 Nxe4 38. Qxb7+ Re7 39. Qxa6 Re5 40.
Qb7+ Kh6 41. Rf7 Ng5 42. Re7 Qxa4 43. Nf6 Rxe7 44. Qxe7 Qa1+ 45. Kh2 Qa8 46.
Nd7 1-0

[Event "Koege Lang Jubilaeum Weekend"]
[Site "Koge"]
[Date "2022.07.07"]
[Round "3"]
[White "Andersen, Soren Mikkel"]
[Black "Jacobsen, Mikkel Manosri"]
[Result "0-1"]
[WhiteElo "2139"]
[BlackElo "2309"]
[PlyCount "126"]
[EventDate "2022.07.06"]
[EventType "tourn"]
[EventRounds "9"]
[EventCountry "DEN"]

1. d4 d5 2. c4 e6 3. Nc3 Nf6 4. cxd5 exd5 5. Bg5 c6 6. e3 Bd6 7. Bd3 O-O 8.
Nge2 Re8 9. h3 a5 10. Qc2 h6 11. Bf4 Na6 12. a3 Bf8 13. O-O Nc7 14. Rad1 Ne6
15. Be5 Nd7 16. Bh2 Ng5 17. Rfe1 Nf6 18. Ng3 h5 19. f3 Bd6 20. Kh1 h4 21. Nf1
Bxh2 22. Kxh2 Qd6+ 23. Kh1 Nh5 24. f4 Ne6 25. Qf2 Qd8 26. Be2 g6 27. Bxh5 gxh5
28. Nd2 Ng7 29. Qf3 Bf5 30. Kh2 Bc2 31. Rc1 Bg6 32. Nf1 Nf5 33. g4 hxg3+ 34.
Nxg3 Qf6 35. Nxf5 Qxf5 36. Rg1 f6 37. Ne2 Kf8 38. Ng3 Qd3 39. Rc3 Qb5 40. f5
Qxb2+ 41. Rg2 Qxc3 42. fxg6 Ke7 43. Nf5+ Kd7 44. Qxh5 Rad8 45. g7 Kc8 46. Qf7
Qxa3 47. g8=Q Rxg8 48. Rxg8 Rxg8 49. Qxg8+ Kc7 50. Qg3+ Kb6 51. h4 a4 52. h5
Qb2+ 53. Kh3 a3 54. Qd6 a2 55. Qd8+ Kb5 56. Nd6+ Kb4 57. Qb6+ Kc3 58. Qa5+ Kd3
59. Qe1 a1=Q 60. Qg3 Qh1+ 61. Kg4 Qe2+ 62. Kf5 Qhxh5+ 63. Kf4 Qf1+ 0-1

[Event "Koege Lang Jubilaeum Weekend"]
[Site "Koge"]
[Date "2022.07.07"]
[Round "3"]
[White "Pedersen, Daniel Vesterbaek"]
[Black "Thorsbro, Peter"]
[Result "1-0"]
[WhiteElo "2186"]
[BlackElo "2171"]
[PlyCount "73"]
[EventDate "2022.07.06"]
[EventType "tourn"]
[EventRounds "9"]
[EventCountry "DEN"]

1. e4 e5 2. Nf3 Nc6 3. Bb5 a6 4. Ba4 Nf6 5. O-O Be7 6. Re1 b5 7. Bb3 O-O 8. h3
d5 9. exd5 Nxd5 10. Nxe5 Nxe5 11. Rxe5 c6 12. d3 Bd6 13. Re1 Qf6 14. Nd2 Qg6
15. Qf3 Bd7 16. Ne4 Rae8 17. Bd2 Bb8 18. Ng3 Re6 19. Nh5 Rfe8 20. c4 Re5 21.
cxd5 Rxh5 22. dxc6 Rxe1+ 23. Rxe1 Bxc6 24. Bd5 Rxd5 25. Qxd5 h6 26. Qd8+ Kh7
27. g4 Ba7 28. Qc8 Qd6 29. Qf5+ Kg8 30. Qc8+ Kh7 31. Qf5+ Kg8 32. Bf4 Qd8 33.
Rc1 g6 34. Qe5 Bd4 35. Qb8 Qxb8 36. Bxb8 Bd5 37. Rc8+ 1-0

[Event "Koege Lang Jubilaeum Weekend"]
[Site "Koge"]
[Date "2022.07.07"]
[Round "4"]
[White "Hoi, Carsten"]
[Black "Pedersen, Henrik Dahl"]
[Result "1-0"]
[WhiteElo "2348"]
[BlackElo "2230"]
[PlyCount "87"]
[EventDate "2022.07.06"]
[EventType "tourn"]
[EventRounds "9"]
[EventCountry "DEN"]

1. d4 Nf6 2. Nf3 d5 3. c4 e6 4. Nc3 Bb4 5. cxd5 exd5 6. Bg5 O-O 7. e3 h6 8. Bh4
Nbd7 9. Bd3 Re8 10. O-O c6 11. Rc1 g5 12. Bg3 Ne4 13. Bxe4 dxe4 14. Nd2 Nf6 15.
Be5 Bxc3 16. bxc3 Ng4 17. Nxe4 f6 18. f3 Nxe3 19. Nxf6+ Qxf6 20. Bxf6 Nxd1 21.
Rcxd1 Re2 22. Rf2 Rxf2 23. Kxf2 Kf7 24. Be5 Be6 25. a3 b5 26. g4 Kg6 27. Kg3 h5
28. gxh5+ Kxh5 29. Re1 Bd5 30. Bd6 Rd8 31. Be7 Re8 32. Re5 Kg6 33. Kg4 Rh8 34.
Rxg5+ Kf7 35. Bd6 a5 36. h4 Be6+ 37. Kg3 Bd5 38. f4 Bb3 39. Be5 Rh7 40. f5 Bc2
41. Rg6 Rh5 42. Rg7+ Ke8 43. f6 Rf5 44. h5 1-0

[Event "Koege Lang Jubilaeum Weekend"]
[Site "Koge"]
[Date "2022.07.07"]
[Round "4"]
[White "Meskenas, Paulius"]
[Black "Hari, Charan Sai Kalluri"]
[Result "1/2-1/2"]
[WhiteElo "2168"]
[BlackElo "2041"]
[PlyCount "105"]
[EventDate "2022.07.06"]
[EventType "tourn"]
[EventRounds "9"]
[EventCountry "DEN"]

1. e4 c5 2. c3 Nf6 3. e5 Nd5 4. d4 cxd4 5. Nf3 d6 6. cxd4 Nc6 7. Bc4 Nb6 8. Bb3
dxe5 9. Nxe5 Nxe5 10. dxe5 Qxd1+ 11. Kxd1 Bf5 12. Be3 O-O-O+ 13. Ke2 Bd3+ 14.
Kf3 e6 15. Kg3 g5 16. h4 Rg8 17. hxg5 h6 18. Nd2 hxg5 19. Nf3 Bg7 20. Rhe1 g4
21. Bxb6 axb6 22. Ng5 Bg6 23. Rad1 Kb8 24. Kxg4 Bf5+ 25. Kh4 Rxd1 26. Bxd1 Bxe5
27. Rxe5 f6 28. Rxf5 exf5 29. Nh3 Rxg2 30. Bc2 Rg4+ 31. Kh5 Rb4 32. b3 f4 33.
Kg4 Rd4 34. Bf5 Kc7 35. f3 Kd6 36. Be4 Ke5 37. Nf2 Rd2 38. Nd3+ Ke6 39. Nxf4+
Ke5 40. Nd3+ Ke6 41. Nb4 Ke5 42. Nc2 Rg2+ 43. Kh3 Rd2 44. Nb4 Rd4 45. a3 Rxe4
46. fxe4 Kxe4 47. Kg3 Kd4 48. a4 Kc3 49. Nd5+ Kxb3 50. Nxb6 Kb4 51. Kf4 Ka5 52.
Nd7 Kxa4 53. Nc5+ 1/2-1/2

[Event "Koege Lang Jubilaeum Weekend"]
[Site "Koge"]
[Date "2022.07.07"]
[Round "4"]
[White "Strange, Mikkel"]
[Black "Andersen, Soren Mikkel"]
[Result "1/2-1/2"]
[WhiteElo "2329"]
[BlackElo "2139"]
[PlyCount "194"]
[EventDate "2022.07.06"]
[EventType "tourn"]
[EventRounds "9"]
[EventCountry "DEN"]

1. e4 c5 2. c3 Nf6 3. e5 Nd5 4. d4 cxd4 5. Nf3 d6 6. Qxd4 e6 7. Nbd2 Nc6 8. Bb5
Bd7 9. Bxc6 Bxc6 10. Nc4 dxe5 11. Nfxe5 Qc7 12. O-O Bb5 13. a4 Bc5 14. Qg4 Bxc4
15. Nxc4 O-O 16. Rd1 Rac8 17. Na3 Qb6 18. Qe2 a6 19. Nc2 Rfd8 20. Ne1 h6 21.
Nd3 Bd6 22. Be3 Qc7 23. h3 Qc4 24. Kf1 Nxe3+ 25. Qxe3 Be7 26. Qe2 Rd5 27. Ne1
Rxd1 28. Rxd1 Qxa4 29. Nf3 Bf6 30. g3 Qc6 31. Kg2 Rd8 32. Rxd8+ Bxd8 33. c4 b5
34. cxb5 Qxb5 35. Qxb5 axb5 36. Nd4 Bf6 37. Nxb5 Bxb2 38. Nd6 Kf8 39. Nc4 Bd4
40. g4 g6 41. Nd2 Ke7 42. Ne4 f5 43. gxf5 gxf5 44. Ng3 Be5 45. Ne2 Kd6 46. f4
Bb2 47. Kf3 Kd5 48. Ng3 Kd4 49. Nf1 Kd3 50. Ne3 Bd4 51. Ng2 Bf6 52. Ne3 Bh4 53.
Ng2 Bd8 54. Ne3 Ba5 55. Ng2 Bb6 56. Nh4 Bd4 57. Ng6 Bg7 58. Nh4 Bf8 59. Ng6 Bd6
60. Nh8 h5 61. Nf7 Be7 62. Ne5+ Kc3 63. Ke3 Bf6 64. Nd7 Be7 65. Ne5 Bd6 66. Nf7
Bc5+ 67. Kf3 Be7 68. Ne5 Bf6 69. Nd7 Be7 70. Ne5 Bd6 71. Nf7 Be7 72. Ke3 Kc4
73. Ne5+ Kd5 74. Kf3 Bd6 75. Nd7 Be7 76. Ne5 Bh4 77. Ke3 Bg3 78. Nd7 h4 79. Nf8
Kd6 80. Ng6 Kd5 81. Ne5 Be1 82. Nf3 Bg3 83. Ng5 Kd6 84. Nf7+ Ke7 85. Ne5 Kf6
86. Nd3 Bh2 87. Ne5 Bg1+ 88. Ke2 Bh2 89. Kf3 Bg3 90. Ke3 Ke7 91. Nf3 Kd6 92.
Ng1 Kd5 93. Nf3 Kc5 94. Ng5 Kd6 95. Nf7+ Kd5 96. Ng5 e5 97. fxe5 Kxe5 1/2-1/2

[Event "Koege Lang Jubilaeum Weekend"]
[Site "Koge"]
[Date "2022.07.07"]
[Round "4"]
[White "Jacobsen, Mikkel Manosri"]
[Black "Pedersen, Daniel Vesterbaek"]
[Result "1-0"]
[WhiteElo "2309"]
[BlackElo "2186"]
[PlyCount "108"]
[EventDate "2022.07.06"]
[EventType "tourn"]
[EventRounds "9"]
[EventCountry "DEN"]

1. d4 Nf6 2. c4 e6 3. Nf3 b6 4. g3 Ba6 5. Qb3 c6 6. Bg2 d5 7. cxd5 cxd5 8. Bf4
Nbd7 9. Nc3 Be7 10. Qa4 Bb7 11. Nb5 Bc6 12. Rc1 Bxb5 13. Qxb5 a6 14. Qc6 O-O
15. O-O Ra7 16. Rc2 Nb8 17. Qa4 Bd6 18. Rfc1 Bxf4 19. gxf4 Qd6 20. Ne5 g6 21.
e3 Rd8 22. b4 Nfd7 23. Nc6 Nxc6 24. Rxc6 Qb8 25. Bf1 Qb7 26. Qc2 Nc5 27. b5
axb5 28. Bxb5 Ne4 29. Rc8 Rxc8 30. Qxc8+ Qxc8 31. Rxc8+ Kg7 32. a4 Nd6 33. Rc6
Nxb5 34. axb5 Rb7 35. f3 Kf8 36. Kf2 Ke7 37. e4 Kd7 38. Ke3 Ke7 39. f5 dxe4 40.
fxg6 hxg6 41. fxe4 Kf6 42. h4 Rb8 43. Kf4 Ke7 44. e5 Rd8 45. Ke4 Rb8 46. Rc7+
Kf8 47. d5 Ra8 48. dxe6 fxe6 49. Kf4 Ra5 50. Kg5 Rxb5 51. Kf6 Ke8 52. Kxe6 Kd8
53. Rh7 Rb1 54. Kf6 Re1 1-0

[Event "Koege Lang Jubilaeum Weekend"]
[Site "Koge"]
[Date "2022.07.07"]
[Round "4"]
[White "Birkisson, Bjorn Holm"]
[Black "Thorsbro, Peter"]
[Result "1/2-1/2"]
[WhiteElo "2095"]
[BlackElo "2171"]
[PlyCount "99"]
[EventDate "2022.07.06"]
[EventType "tourn"]
[EventRounds "9"]
[EventCountry "DEN"]

1. e4 e5 2. Nf3 Nc6 3. Bc4 Nf6 4. d3 Bc5 5. c3 d6 6. O-O a6 7. a4 O-O 8. Nbd2
Re8 9. Re1 Be6 10. Bxe6 Rxe6 11. Nf1 d5 12. Ng3 dxe4 13. dxe4 Ng4 14. Qxd8+
Rxd8 15. Nh1 a5 16. h3 Nf6 17. Ng3 Red6 18. Nf5 Re6 19. Bg5 g6 20. Nh6+ Kg7 21.
Ng4 Nxg4 22. hxg4 f6 23. Be3 Bxe3 24. Rxe3 h6 25. Kf1 Red6 26. Ree1 Nb8 27. b4
Nc6 28. Rab1 b6 29. Rec1 R8d7 30. Ke1 Kf7 31. Rb2 Rd3 32. bxa5 Nxa5 33. Nd2
Rxd2 34. Rxd2 Rxd2 35. Kxd2 Nb3+ 36. Kc2 Nxc1 37. Kxc1 Ke6 38. Kc2 Kd6 39. c4
h5 40. gxh5 gxh5 41. g3 c5 42. Kd3 Ke6 43. Ke3 Kf7 44. f4 Kg6 45. Kf3 Kh6 46.
Kg2 exf4 47. gxf4 h4 48. Kh2 Kg6 49. Kg2 Kh6 50. Kh2 1/2-1/2

[Event "Koege Lang Jubilaeum Weekend"]
[Site "Koge"]
[Date "2022.07.08"]
[Round "5"]
[White "Andersen, Soren Mikkel"]
[Black "Hoi, Carsten"]
[Result "1/2-1/2"]
[WhiteElo "2139"]
[BlackElo "2348"]
[PlyCount "39"]
[EventDate "2022.07.06"]
[EventType "tourn"]
[EventRounds "9"]
[EventCountry "DEN"]

1. d4 g6 2. c4 Bg7 3. Nc3 d6 4. e4 e5 5. Nf3 Nc6 6. Be3 Bg4 7. d5 Nd4 8. Be2
Bxf3 9. Bxf3 c5 10. dxc6 bxc6 11. b4 Ne7 12. Qa4 O-O 13. O-O f5 14. Rad1 Nxf3+
15. gxf3 Qd7 16. c5 fxe4 17. Rxd6 Qh3 18. fxe4 Qg4+ 19. Kh1 Qf3+ 20. Kg1
1/2-1/2

[Event "Koege Lang Jubilaeum Weekend"]
[Site "Koge"]
[Date "2022.07.08"]
[Round "5"]
[White "Pedersen, Henrik Dahl"]
[Black "Meskenas, Paulius"]
[Result "1-0"]
[WhiteElo "2230"]
[BlackElo "2168"]
[PlyCount "93"]
[EventDate "2022.07.06"]
[EventType "tourn"]
[EventRounds "9"]
[EventCountry "DEN"]

1. e4 e5 2. Bc4 Nf6 3. d3 Be7 4. Nc3 Nc6 5. f4 d6 6. Nf3 Bg4 7. h3 Bxf3 8. Qxf3
Na5 9. Be3 Nxc4 10. dxc4 c6 11. O-O-O Qc7 12. f5 O-O-O 13. Qf2 Qa5 14. Bxa7 c5
15. Kb1 Qxa7 16. g4 h6 17. Qe2 Kd7 18. h4 Ne8 19. Rh3 Nc7 20. Qd3 Qa6 21. Rg1
Rdf8 22. a4 Qc6 23. Qf3 Kd8 24. b3 Qd7 25. Kb2 Kc8 26. Rd1 g6 27. a5 gxf5 28.
gxf5 Bd8 29. Qh5 Rfg8 30. Rhd3 Ne8 31. Nb5 Bc7 32. Ra1 Kb8 33. a6 b6 34. Rad1
Qe7 35. Qe2 Rh7 36. Qd2 f6 37. b4 Qf7 38. Qc3 Qd7 39. bxc5 bxc5 40. Qb3 Ka8 41.
Ka2 Qc6 42. Qa4 Rd7 43. Rb1 Rg2 44. Rb2 Bd8 45. Rdb3 Ra7 46. Na3 Qc8 47. Qc6+
1-0

[Event "Koege Lang Jubilaeum Weekend"]
[Site "Koge"]
[Date "2022.07.08"]
[Round "5"]
[White "Hari, Charan Sai Kalluri"]
[Black "Birkisson, Bjorn Holm"]
[Result "1/2-1/2"]
[WhiteElo "2041"]
[BlackElo "2095"]
[PlyCount "82"]
[EventDate "2022.07.06"]
[EventType "tourn"]
[EventRounds "9"]
[EventCountry "DEN"]

1. d4 Nf6 2. c4 e6 3. Nc3 d5 4. Bg5 Be7 5. Nf3 Nbd7 6. e3 O-O 7. cxd5 Nxd5 8.
Bxe7 Qxe7 9. Rc1 Nxc3 10. bxc3 c5 11. Bd3 b6 12. O-O Bb7 13. e4 cxd4 14. cxd4
Rac8 15. Qa4 a6 16. Qb3 Qd6 17. Rfd1 Qf4 18. Rxc8 Rxc8 19. Nd2 h6 20. a4 Rb8
21. Qb4 Nf6 22. g3 Qc7 23. Rb1 Rd8 24. f3 Qd6 25. Qxd6 Rxd6 26. Nb3 Nd7 27. Kf2
Ne5 28. Bxa6 Bxa6 29. dxe5 Rd3 30. Nc1 Rd4 31. Rxb6 Rxa4 32. Rb2 Ra5 33. f4 Ra4
34. Ra2 Rc4 35. Rxa6 Rxc1 36. Ra2 Rc4 37. Re2 Rc3 38. g4 g5 39. Re3 Rc2+ 40.
Re2 Rc3 41. Re3 Rc2+ 1/2-1/2